000 00313nam a22001337a 4500
008 170922b xxu||||| |||| 00| 0 eng d
020 _a0126241807
041 _aeng
080 _a902
100 _a45
101 _aARK
245 _aADCANCES IN ARCHAEOLOGICAL METHOD AND THEORY
_cSCHIFFER,M.B
942 _2udc
_cBK
999 _c28938
_d28938